|
|
|
|
| LEADER |
00000nam a2200000 a 4500 |
| 001 |
251365 |
| 003 |
Ucuenca |
| 005 |
20230308224842.0 |
| 008 |
014121|1989 sp |||||r|||||||||||spa|| |
| 020 |
|
|
|a 8432916560
|
| 040 |
|
|
|b spa
|
| 041 |
1 |
|
|a spa
|
| 082 |
0 |
|
|a 635.8
|
| 245 |
|
4 |
|a Las setas comestibles, no comestibles, tóxicas
|c G. Leoni, B. Ferreri, S. Gurcio
|h imp
|
| 264 |
|
|
|a Barcelona
|b Ediciones CEAC
|c 1989
|
| 300 |
|
|
|a 139 páginas:
|b ilu
|c 21 cm
|
| 505 |
|
|
|a Guía práctica para identificar fácilmente toda clase de setas
|
| 650 |
|
|
|a Setas comestibles
|9 68057
|
| 650 |
|
|
|a Setas toxicas
|9 120402
|
| 650 |
|
|
|a Comercializacion de setas
|9 120403
|
| 700 |
1 |
|
|9 190814
|a Leoni, G.
|
| 700 |
1 |
|
|a Ferreri, B.
|9 190815
|
| 700 |
1 |
|
|a Gurcio, S.
|9 190816
|
| 852 |
|
|
|a UC-YANUNCAY
|c est_abierta
|f Compra
|k eduran
|l 1
|m General
|p 19950612
|q 5.00
|r 2
|t 251365
|v agro
|w Ingeniería Agronómica
|b 0
|d CDRY
|e CDRY
|g 635.8
|z 2014-41-21
|
| 942 |
|
|
|c BK
|z esthela.durán@ucuenca.edu.ec
|0 1
|
| 999 |
|
|
|c 150517
|d 150517
|